000
00308nam a22001217a 4500
020
_a
0-250-40054-5
082
_a
621.4023 ENW'C
100
_a
EDWARDS, JOHN B
_9
67072
245
_a
COMBUSTION, THE FORMATION AND EMISSION OF TRACE SPECIES
260
_a
BASEL
_b
TECHNOMIC
_c
1974
300
_a
240P
942
_c
BK
999
_c
574922
_d
574922